| 000 | 00564cam a2200205 a 4500 | ||
|---|---|---|---|
| 999 |
_c1249 _d1249 |
||
| 001 | 10632 | ||
| 003 | BD-DhUAP | ||
| 005 | 20200204122601.0 | ||
| 008 | 200204s2009 bg 001 0 eng | ||
| 020 | _a9843237968 | ||
| 040 |
_aBD-DhUAP _cBD-DhUAP _dBD-DhUAP _bEng |
||
| 082 | 0 | 0 |
_223 _a342.549202 SAL |
| 100 | _aSalam, M. A. | ||
| 245 | 1 | 4 |
_aThe constitution of Bangladesh / _cM. A. Salam. |
| 250 | _a7th ed. | ||
| 260 |
_aDhaka : _bShams publications, _cc2015. |
||
| 300 |
_a335 pages ; _c25 cm. |
||
| 650 | 0 |
_aConstitutional law _zBangladesh. |
|
| 942 |
_2ddc _cBK |
||